000 00598nam a2200217 a 4500
001 000045873
003 DO-SdBNP
005 20211026111552.0
007 ta
008 150526s2015 dr 000 0 spa d
020 _a9789945176729
040 _aDO-SdBNP
_bspa
_cBNPHU
082 4 _222
100 1 _aSalcedo, Lino
_943393
245 1 0 _aMujer superpoderosa. /
_cLino Salcedo, María Abréu ; prólogo Tania Báez.
260 _aSanto Domingo :
_bBúho,
_c2015.
300 _a99 p. ;
_c22 cm.
700 1 _aAbréu, María
_973942
700 1 _aBáez, Tania,
_epról.
_972652
942 _2ddc
_cLBS1
999 _c45362
_d45362